| 000 | 00783pam a2200277 i 4500 | ||
|---|---|---|---|
| 001 | 1791716 | ||
| 003 | OSt | ||
| 005 | 20211210123526.0 | ||
| 008 | 780815s1980 nyua b 001 0 eng | ||
| 010 | _a 78012449 | ||
| 020 | _a9971511835 | ||
| 038 | _aKhadija | ||
| 040 |
_aDLC _cDLC _dDLC |
||
| 050 | 0 | 0 |
_aTP155.7 _b.F67 1980 |
| 082 | 0 | 0 |
_a660.2842 _bPRI |
| 100 | 1 |
_aFoust, Alan Shivers, _d1908- _986386 |
|
| 245 | 1 | 0 |
_aPrinciples of Unit Operations / _cAlan S. Foust ... [et al.]. |
| 250 | _a2nd ed. | ||
| 260 |
_aNew York : _bWiley, _cc1980. |
||
| 300 |
_axiv, 768 p. : _bill .; _c29 cm. |
||
| 504 | _aIncludes bibliographies and index. | ||
| 563 | _aPB | ||
| 650 | 0 |
_aChemical processes. _986387 |
|
| 906 |
_a7 _bcbc _corignew _d1 _eocip _f19 _gy-gencatlg |
||
| 942 |
_2ddc _cBK |
||
| 999 |
_c32102 _d32102 |
||